[Event "Bogota University op 7th"]
[Site "Bogota"]
[Date "2013.10.12"]
[Round "5"]
[White "Martinez, Jorge Alexander"]
[Black "Perez Rodriguez, Juan Carlos"]
[Result "1-0"]
[WhiteElo "2201"]
[BlackElo "1980"]
[PlyCount "70"]
[EventDate "2013.10.10"]
[EventType "swiss"]
[EventRounds "9"]
[EventCountry "COL"]
[SourceTitle "CBM 156 Extra"]
[Source "ChessBase"]
[SourceDate "2013.10.22"]
[SourceVersion "1"]
[SourceVersionDate "2013.10.22"]
[SourceQuality "1"]

1. e4 c5 2. Nf3 d6 3. d4 cxd4 4. Nxd4 Nf6 5. f3 g6 6. c4 Bg7 7. Nc3 0-0 8. Be3 Nc6 9. Qd2 Be6 10. Rc1 Rc8 11. b3 Qa5 12. Be2 a6 13. 0-0 Nd7 14. Kh1 Nxd4 15. Bxd4 Bxd4 16. Qxd4 Qc5 17. Qd2 Nb8 18. f4 f5 19. Nd5 Rf7 20. b4 Qa7 21. exf5 gxf5 22. Bh5 Rg7 23. Rce1 Bxd5 24. Qxd5+ Kh8 25. Qxf5 Rcg8 26. Bf7 Rf8 27. Rxe7 Qd4 28. Rfe1 Qf2 29. Rg1 Nc6 30. Re8 Rxe8 31. Bxe8 Nd4 32. Qf8+ Rg8 33. Qf6+ Rg7 34. Bf7 Nc6 35. b5 axb5 1-0

[Event "Bogota University op 7th"]
[Site "Bogota"]
[Date "2013.10.11"]
[Round "4"]
[White "Perez Rodriguez, Juan Carlos"]
[Black "Sanchez Castillo, Sarai Carolina"]
[Result "1/2-1/2"]
[WhiteElo "1980"]
[BlackElo "2212"]
[PlyCount "49"]
[EventDate "2013.10.10"]
[EventType "swiss"]
[EventRounds "9"]
[EventCountry "COL"]
[SourceTitle "CBM 156 Extra"]
[Source "ChessBase"]
[SourceDate "2013.10.22"]
[SourceVersion "1"]
[SourceVersionDate "2013.10.22"]
[SourceQuality "1"]

1. d4 d5 2. Nf3 c6 3. c4 e6 4. Nc3 dxc4 5. a4 Bb4 6. e3 b5 7. Be2 Nf6 8. 0-0 Qb6 9. Qc2 Nbd7 10. e4 Bb7 11. e5 Bxc3 12. bxc3 Nd5 13. Ba3 Nf4 14. Rfd1 a6 15. Bf1 c5 16. Bc1 Ng6 17. Rb1 Qc6 18. Ng5 h6 19. Nh3 Nh4 20. f3 0-0 21. Nf2 Nxf3+ 22. gxf3 Qxf3 23. Qe2 Qf5 24. Qg4 Qxg4+ 25. Nxg4 1/2-1/2

[Event "Bogota McGregor op 3rd"]
[Site "Bogota"]
[Date "2012.12.14"]
[Round "5"]
[White "Aucay Pelaez, Mauro"]
[Black "Perez Rodriguez, Juan Carlos"]
[Result "1-0"]
[WhiteElo "2258"]
[BlackElo "1957"]
[PlyCount "99"]
[EventDate "2012.12.12"]
[EventType "swiss"]
[EventRounds "9"]
[EventCountry "COL"]
[SourceTitle "EXT 2014"]
[Source "ChessBase"]
[SourceDate "2013.11.20"]
[SourceVersion "1"]
[SourceVersionDate "2013.11.20"]
[SourceQuality "1"]

1. e4 c5 2. Nf3 e6 3. d4 cxd4 4. Nxd4 a6 5. Nc3 Qc7 6. Be2 Nf6 7. 0-0 Nc6 8. Be3 b5 9. a3 Bb7 10. f4 d6 11. Nb3 Be7 12. Bf3 0-0 13. Qe2 Rfe8 14. g4 h6 15. Rad1 Rac8 16. Qf2 Nd7 17. Bg2 Nd8 18. Rd3 Nc5 19. Nxc5 dxc5 20. Rfd1 Nc6 21. Rd7 Qb6 22. b4 Ba8 23. e5 Bf8 24. Ne4 Nb8 25. R7d3 Bxe4 26. Bxe4 Qc7 27. c3 a5 28. Qf3 axb4 29. axb4 cxb4 30. cxb4 Bxb4 31. Rb3 Qe7 32. Rdb1 Bc5 33. Rxb5 Bxe3+ 34. Qxe3 Nc6 35. Rc1 Qd7 36. Rb6 Qd4 37. Qxd4 Nxd4 38. Rxc8 Rxc8 39. Kf2 g6 40. Ke3 Rd8 41. Rd6 Rb8 42. Rxd4 Rb2 43. Rd2 Rb3+ 44. Bd3 Kg7 45. Ra2 Rb4 46. h3 h5 47. gxh5 gxh5 48. Rg2+ Kh6 49. Rg8 Rb3 50. Rh8+ 1-0

[Event "Bogota McGregor op 3rd"]
[Site "Bogota"]
[Date "2012.12.12"]
[Round "2"]
[White "Perez Rodriguez, Juan Carlos"]
[Black "Bohorquez, Jorge"]
[Result "1-0"]
[WhiteElo "1957"]
[BlackElo "1601"]
[PlyCount "69"]
[EventDate "2012.12.12"]
[EventType "swiss"]
[EventRounds "9"]
[EventCountry "COL"]
[SourceTitle "EXT 2014"]
[Source "ChessBase"]
[SourceDate "2013.11.20"]
[SourceVersion "1"]
[SourceVersionDate "2013.11.20"]
[SourceQuality "1"]

1. Nf3 d5 2. g3 Nc6 3. d4 Bg4 4. Bg2 Nf6 5. Nbd2 e6 6. 0-0 Be7 7. c3 Qd7 8. Ne5 Nxe5 9. dxe5 Ng8 10. Qe1 f6 11. f4 f5 12. Nb3 Qb5 13. Nd4 Qb6 14. Be3 c5 15. Nb3 Qb5 16. Rf2 Rc8 17. Rc1 c4 18. Nd4 Qb6 19. b3 Ba3 20. Rb1 Qa6 21. b4 Ne7 22. h3 Bh5 23. Rf1 0-0 24. Qf2 Kf7 25. Bf3 Bg6 26. Qg2 b5 27. h4 Nc6 28. Nxe6 Kxe6 29. Bxd5+ Kd7 30. Rfd1 Ke8 31. Be6 Rd8 32. Rd6 Rxd6 33. exd6 Rf6 34. Qd5 Nd8 35. d7+ 1-0

[Event "Bogota Humana op"]
[Site "Bogota"]
[Date "2012.12.07"]
[Round "4"]
[White "Perez Rodriguez, Juan Carlos"]
[Black "Santos Morales, Natalia Andrea"]
[Result "0-1"]
[WhiteElo "1957"]
[BlackElo "2017"]
[PlyCount "76"]
[EventDate "2012.12.05"]
[EventType "swiss"]
[EventRounds "9"]
[EventCountry "COL"]
[SourceTitle "EXT 2014"]
[Source "ChessBase"]
[SourceDate "2013.11.20"]
[SourceVersion "1"]
[SourceVersionDate "2013.11.20"]
[SourceQuality "1"]

1. Nf3 Nf6 2. g3 d5 3. Bg2 Bf5 4. 0-0 c6 5. d4 e6 6. c3 Bd6 7. Nbd2 0-0 8. Nh4 Bg4 9. h3 Bh5 10. Re1 Nbd7 11. Qb3 Qc7 12. c4 Rfe8 13. e4 dxe4 14. Nxe4 Nxe4 15. Rxe4 c5 16. g4 Bg6 17. Nxg6 hxg6 18. Bg5 f6 19. Bd2 cxd4 20. Rxd4 Be5 21. Be3 Bxd4 22. Bxd4 Rac8 23. Rc1 b6 24. Qc2 Ne5 25. b3 Red8 26. Qe4 Qd6 27. Be3 f5 28. gxf5 gxf5 29. Qb1 Kf7 30. Bg5 Rd7 31. Re1 Rh8 32. Qa1 Ng6 33. Qc1 Rh5 34. f4 Nh4 35. Ba8 Rxg5+ 36. fxg5 Qg3+ 37. Kf1 Qxh3+ 38. Kg1 Rd3 0-1

[Event "Bogota Humana op"]
[Site "Bogota"]
[Date "2012.12.05"]
[Round "1"]
[White "Rosero, Hugo Alberto"]
[Black "Perez Rodriguez, Juan Carlos"]
[Result "0-1"]
[WhiteElo "1649"]
[BlackElo "1957"]
[PlyCount "30"]
[EventDate "2012.12.05"]
[EventType "swiss"]
[EventRounds "9"]
[EventCountry "COL"]
[SourceTitle "EXT 2014"]
[Source "ChessBase"]
[SourceDate "2013.11.20"]
[SourceVersion "1"]
[SourceVersionDate "2013.11.20"]
[SourceQuality "1"]

1. e4 c5 2. Nf3 e6 3. d4 cxd4 4. Nxd4 a6 5. c4 Qc7 6. Nc3 Nf6 7. Bd3 Nc6 8. Be3 Ne5 9. b3 Bb4 10. Rc1 d5 11. exd5 exd5 12. Qe2 Nxd3+ 13. Qxd3 0-0 14. 0-0 Ng4 15. h3 Qh2# 0-1

[Event "Bogota Mayores Distrital op 04"]
[Site "Bogota"]
[Date "2011.04.15"]
[Round "3.13"]
[White "Perez Rodriguez, Juan Carlos"]
[Black "Ramirez Daza, Diego"]
[Result "0-1"]
[WhiteElo "1948"]
[BlackElo "2184"]
[PlyCount "27"]
[EventDate "2011.04.14"]
[EventType "swiss"]
[EventRounds "7"]
[EventCountry "COL"]
[SourceTitle "EXT 2024"]
[Source "ChessBase"]
[SourceDate "2023.10.10"]
[SourceVersion "1"]
[SourceVersionDate "2023.10.10"]
[SourceQuality "1"]

1. Nf3 Nf6 2. g3 g6 3. Bg2 Bg7 4. 0-0 0-0 5. d3 d6 6. Nc3 c6 7. e4 e5 8. h3 Nbd7 9. Ne1 Re8 10. f4 exf4 11. gxf4 Nh5 12. Nf3 Nc5 13. Re1 f5 14. e5 0-1